Province per Superficie - Morte improvvisa - Statistics

Statistiche generali
  • Questo quiz è stato fatto 103 volte
  • Il punteggio medio è 4 su 15
Answers on the Grid
Answers color-coded by a green-red scale on the quiz's grid according to % correct below.
Sassari
Bolzano
Foggia
Cuneo
Torino
Cosenza
Potenza
Sud Sardegna
Perugia
Trento
Nuoro
Roma
L'Aquila
Palermo
Udine
Brescia
Siena
Viterbo
Alessandria
Parma
Frosinone
Arezzo
Verona
Pavia
Lecce
Bergamo
Ferrara
Pisa
Teramo
Novara
 
Statistiche sulle risposte
Risposta % Corretto
Roma
52%
Bolzano
42%
Sud Sardegna
42%
Torino
42%
Sassari
33%
Foggia
30%
Trento
30%
Udine
30%
Perugia
24%
Potenza
24%
Palermo
21%
Cosenza
15%
L'Aquila
15%
Nuoro
12%
Cuneo
9%
Nessun quiz corrispondente trovato
Distribuzione punteggi
Percentuale di utenti per punteggio
Percentile per numero di risposta
I tuoi punteggi nel tempo
Non hai fatto questo quiz